[Event "7th Asrian Memorial 2014"]
[Site "Jermuk ARM"]
[Date "2014.06.20"]
[Round "5.4"]
[White "Babujian, Levon"]
[Black "Martirosyan, Haik M."]
[Result "1/2-1/2"]
[WhiteTitle "GM"]
[BlackTitle "FM"]
[WhiteElo "2482"]
[BlackElo "2311"]
[WhiteFideId "13301993"]
[BlackFideId "13306553"]
[EventDate "2014.06.16"]

1. d4 Nf6 2. c4 e6 3. Nf3 b6 4. g3 Ba6 5. Qa4 c5 6. Bg2 Bb7 7. dxc5 bxc5 8. O-O
Be7 9. Nc3 O-O 10. Rd1 Qb6 11. Bf4 Rd8 12. Rd2 h6 13. Rad1 d6 14. Qb5 Ne8 15.
Qxb6 axb6 16. b3 g5 17. Be3 Nf6 18. Nb5 d5 19. Nc7 Ra7 20. cxd5 exd5 21. Ne5 d4
22. Nb5 Ra5 23. Bxb7 Rxb5 24. Rd3 Nfd7 25. Nxd7 Rxd7 26. Bf3 dxe3 27. Rxd7 Nxd7
28. Rxd7 exf2+ 29. Kxf2 Kf8 30. Rb7 Rb4 31. e3 c4 32. Bd5 cxb3 33. axb3 Rb5 34.
Bc4 Rf5+ 35. Ke2 Rf6 36. e4 h5 37. Kd3 Rf2 38. Rxb6 Rxh2 39. Rb8+ Kg7 40. Re8
Bc5 41. Re5 Bd6 42. Rxg5+ Kh6 43. Rg8 Rh3 44. Bxf7 Rxg3+ 45. Rxg3 Bxg3 46. Kd4
h4 47. Be6 Kg7 48. e5 Kf8 49. b4 Ke7 50. Bh3 Kd8 51. e6 Bd6 52. Kc4 Kc7 53. Kb5
Bf8 54. Ka5 Be7 55. b5 Bc5 56. Ka6 Bd6 57. b6+ Kd8 58. Kb7 Bc5 59. Kc6 Bf2 60.
Bg4 Bg1 61. Kd6 Bh2+ 62. Kd5 Bg1 63. Kc6 Bf2 64. Kb5 Bg1 65. Ka6 Bh2 66. Bh3 Bg3
67. Kb7 Bf2 68. Kc6 Bg1 69. Bg4 Bf2 70. Kd6 Bg3+ 71. Kd5 Bf2 72. b7 Bg3 73. Ke4
Bb8 74. Kf5 Ke7 75. Kg5 Bg3 76. Bh3 Bb8 77. Kxh4 Bc7 78. Kg5 Bd6 79. Kf5 Bc7 80.
Bg2 Bd6 81. Bc6 Bc7 82. Bd7 Bd6 83. Ke4 Bc7 84. Kd5 Bb8 85. Kc6 Bd6 86. Kb6 Bb8
87. Bc8 Kd6 1/2-1/2

[Event "7th Asrian Memorial 2014"]
[Site "Jermuk ARM"]
[Date "2014.06.20"]
[Round "5.5"]
[White "Harutyunian, Tigran K."]
[Black "Nadimifar, Adnan"]
[Result "1-0"]
[WhiteTitle "IM"]
[WhiteElo "2436"]
[BlackElo "2147"]
[WhiteFideId "13303635"]
[BlackFideId "12503720"]
[EventDate "2014.06.16"]

1. d4 d5 2. c4 e6 3. Nc3 Nf6 4. Nf3 dxc4 5. Qa4+ Nc6 6. Qxc4 Nb4 7. Qb3 c5 8.
dxc5 Bxc5 9. Bg5 O-O 10. Rc1 e5 11. Bxf6 Qxf6 12. Ne4 Qf4 13. Rxc5 Qxe4 14. Nd2
Qg6 15. Qxb4 Rd8 16. e3 b6 17. Rc7 Be6 18. Be2 Bd5 19. e4 a5 20. Qa4 b5 21. Qc2
Be6 22. O-O Bxa2 23. Nf3 a4 24. Bxb5 Bb3 25. Qc3 Qxe4 26. Bc6 1-0

[Event "7th Asrian Memorial 2014"]
[Site "Jermuk ARM"]
[Date "2014.06.20"]
[Round "5.6"]
[White "Torosyan, Norayr"]
[Black "Hayrapetyan, Hovik"]
[Result "1/2-1/2"]
[BlackTitle "GM"]
[WhiteElo "2322"]
[BlackElo "2420"]
[WhiteFideId "13300431"]
[BlackFideId "13302639"]
[EventDate "2014.06.16"]

1. e4 c5 2. Nf3 e6 3. d4 cxd4 4. Nxd4 a6 5. Nc3 Qc7 6. Be2 Nc6 7. O-O Nf6 8. Be3
Be7 9. f4 d6 10. Qe1 O-O 11. Qg3 Ne8 12. Bf3 Bd7 13. a4 Bf6 14. Qf2 Rb8 15. Rfd1
Be7 16. g4 b6 17. Nxc6 Bxc6 18. g5 Qb7 19. Rf1 f6 20. h4 Nc7 21. Qg2 d5 22. exd5
Nxd5 23. Nxd5 Bxd5 24. Bxd5 Qxd5 25. Qxd5 exd5 26. Rad1 Rfd8 27. Bd4 Bc5 28. Kg2
Bxd4 29. Rxd4 b5 30. axb5 Rxb5 31. b4 Rc8 32. Rf2 Kf7 33. f5 Rc3 34. Rfd2 Ke7
35. Re2+ Kf7 36. Red2 Ke7 37. Re2+ Kf7 38. Red2 1/2-1/2

[Event "7th Asrian Memorial 2014"]
[Site "Jermuk ARM"]
[Date "2014.06.20"]
[Round "5.7"]
[White "Nadanian, Ashot"]
[Black "Gharagyozyan, Artur"]
[Result "0-1"]
[WhiteTitle "IM"]
[WhiteElo "2416"]
[BlackElo "2194"]
[WhiteFideId "13300393"]
[BlackFideId "13303279"]
[EventDate "2014.06.16"]

1. d4 e6 2. c4 d5 3. Nc3 Nf6 4. Bg5 Nbd7 5. cxd5 exd5 6. e3 Be7 7. Bd3 O-O 8.
Nge2 Re8 9. Qc2 Nf8 10. O-O Be6 11. Nf4 c6 12. Nxe6 fxe6 13. Rae1 N6d7 14. Bxe7
Qxe7 15. e4 Qb4 16. Qd2 dxe4 17. Rxe4 Nf6 18. Rf4 Rad8 19. Re1 Kh8 20. a3 Qd6
21. Ne4 Nxe4 22. Rfxe4 c5 23. R1e3 cxd4 24. Rh3 e5 25. Reh4 g6 26. Rg4 Rc8 27.
f3 Qc5 28. Kf2 Qc1 29. Qe2 Re6 30. Kg3 Qg1 31. Rhh4 Qc1 32. Re4 Qc7 33. Kh3 g5
34. Rh5 Qg7 35. f4 gxf4 36. Rexe5 Rce8 37. Rxe6 Rxe6 38. Qd1 Re3+ 39. Kh4 Rg3 0-1

[Event "7th Asrian Memorial 2014"]
[Site "Jermuk ARM"]
[Date "2014.06.20"]
[Round "5.8"]
[White "Matevosyan, Sedrak"]
[Black "Bagaturov, Giorgi"]
[Result "1/2-1/2"]
[BlackTitle "GM"]
[WhiteElo "2233"]
[BlackElo "2427"]
[WhiteFideId "13302035"]
[BlackFideId "13600133"]
[EventDate "2014.06.16"]

1. c4 c6 2. Nf3 d5 3. d4 Nf6 4. Qc2 g6 5. g3 Bg7 6. Bg2 O-O 7. O-O Bf5 8. Qb3
Qb6 9. Nc3 Rd8 10. Qxb6 axb6 11. cxd5 Nxd5 12. Bg5 Be6 13. e4 Nxc3 14. bxc3 Kf8
15. a4 h6 16. Be3 Nd7 17. Rfb1 Ra5 18. d5 cxd5 19. Nd4 Bxd4 20. Bxd4 Rda8 21.
exd5 Bxd5 1/2-1/2

[Event "7th Asrian Memorial 2014"]
[Site "Jermuk ARM"]
[Date "2014.06.20"]
[Round "5.9"]
[White "Igonin, Temur"]
[Black "Kalashian, David"]
[Result "0-1"]
[WhiteTitle "FM"]
[BlackTitle "IM"]
[WhiteElo "2192"]
[BlackElo "2395"]
[WhiteFideId "14203049"]
[BlackFideId "13302418"]
[EventDate "2014.06.16"]

1. e4 c6 2. d4 g6 3. Nf3 Bg7 4. Nbd2 d6 5. Bd3 Nf6 6. O-O O-O 7. Re1 Nfd7 8. a4
Na6 9. c3 Nc7 10. Nf1 e5 11. Bg5 Qe8 12. Qd2 Ne6 13. Bh6 Qe7 14. Ng3 Rd8 15. Bc4
Bf6 16. Rad1 Rb8 17. Bxe6 Qxe6 18. dxe5 dxe5 19. Bg5 Re8 20. Bxf6 Qxf6 21. Qh6
Qg7 22. Qe3 Ra8 23. Rd3 Qf8 24. Red1 Nc5 25. R3d2 Bg4 26. Qg5 Bxf3 27. gxf3 Qe7
28. Qe3 a5 29. Rd6 Ne6 30. Rd7 Rad8 31. Qd2 Qh4 32. Qe2 Nf4 33. Qf1 Rxd7 34.
Rxd7 Rd8 35. Qd1 Rb8 36. Rc7 Qh3 37. Qf1 Kf8 38. b4 Ke8 39. b5 Qxf1+ 40. Nxf1
Ne6 41. b6 Nxc7 42. bxc7 Rc8 43. Ne3 Rxc7 44. Nc4 b5 45. Nxe5 f6 46. Nd3 bxa4
47. Kf1 a3 48. Nc1 Rb7 49. Ke2 Rb1 0-1

[Event "7th Asrian Memorial 2014"]
[Site "Jermuk ARM"]
[Date "2014.06.20"]
[Round "5.10"]
[White "Petrosyan, Manuel"]
[Black "Stamboltsyan, Sargis"]
[Result "1-0"]
[WhiteTitle "FM"]
[WhiteElo "2378"]
[BlackElo "2190"]
[WhiteFideId "13300857"]
[BlackFideId "13302086"]
[EventDate "2014.06.16"]

1. d4 Nf6 2. c4 c5 3. Nf3 g6 4. g3 Bg7 5. Bg2 O-O 6. Nc3 d6 7. O-O cxd4 8. Nxd4
Nc6 9. Nxc6 bxc6 10. Bxc6 Bh3 11. Bg2 Bxg2 12. Kxg2 Qc7 13. Qd3 Rfc8 14. Nd5
Nxd5 15. cxd5 Qc2 16. Bg5 Qxd3 17. exd3 Bxb2 18. Rab1 Bf6 19. Bxf6 exf6 20. Rfc1
Kf8 21. Kf3 Rxc1 22. Rxc1 a5 23. Rc6 Ke7 24. Rc7+ Ke8 25. a4 Ra6 26. Rb7 Ra8 27.
Ke3 h6 28. g4 Kf8 29. h3 Ke8 30. f3 Kf8 31. Kd4 Ke8 32. h4 Kf8 33. h5 g5 34. Ke3
Re8+ 35. Kd2 Rc8 36. Rb5 Ra8 37. Rb6 Ke7 38. Rb7+ Kf8 39. Rc7 Ke8 40. Ke3 Kf8
41. d4 Re8+ 42. Kd3 Ra8 43. Rd7 Ra6 44. Ke4 Rb6 45. Ra7 Rb1 46. Rxa5 Re1+ 47.
Kd3 Rd1+ 48. Ke3 f5 49. gxf5 Ke7 50. Ra6 Re1+ 51. Kf2 Rd1 52. f6+ Kxf6 53. Rxd6+
Ke7 54. Rxh6 Rxd4 55. Rh8 Rxd5 56. h6 Kf6 57. Rg8 1-0

[Event "7th Asrian Memorial 2014"]
[Site "Jermuk ARM"]
[Date "2014.06.20"]
[Round "5.11"]
[White "Mnatsakanian, Eduard A"]
[Black "Hambardzumian, Yuri"]
[Result "0-1"]
[WhiteTitle "IM"]
[BlackTitle "IM"]
[WhiteElo "2143"]
[BlackElo "2336"]
[WhiteFideId "13300083"]
[BlackFideId "13302795"]
[EventDate "2014.06.16"]

1. e4 e5 2. Nf3 Nc6 3. Bb5 a6 4. Ba4 Nf6 5. d4 exd4 6. O-O Be7 7. e5 Ne4 8. Nxd4
Nc5 9. Bxc6 dxc6 10. Nc3 O-O 11. Bf4 Ne6 12. Nxe6 Qxd1 13. Nxd1 Bxe6 14. Ne3 a5
15. a4 b5 16. Rfd1 f5 17. exf6 Bxf6 18. Bxc7 Rfc8 19. Bb6 Bxb2 20. Rab1 Bf6 21.
Bd4 Bxd4 22. Rxd4 Rab8 23. f3 h6 24. Rbd1 Kf7 25. Rf4+ Ke7 26. Nf5+ Bxf5 27.
Rxf5 Ke6 28. Rc5 bxa4 29. Rxa5 Ra8 30. Rxa8 Rxa8 31. Kf2 a3 32. Ke3 a2 33. Ra1
Kd5 34. Kd3 Ra3+ 35. c3 Kc5 36. h4 Kd5 37. h5 Kc5 38. f4 Kd5 39. g4 c5 40. g5
c4+ 41. Kc2 Ke4 42. gxh6 gxh6 43. Kb2 Ra5 44. Rxa2 Rxa2+ 45. Kxa2 Kxf4 46. Ka3
Ke3 47. Ka4 Kd2 0-1

[Event "7th Asrian Memorial 2014"]
[Site "Jermuk ARM"]
[Date "2014.06.20"]
[Round "5.12"]
[White "Mikaelyan, Arman"]
[Black "Hakobyan, Hovhannes H."]
[Result "1-0"]
[WhiteElo "2281"]
[BlackElo "1927"]
[WhiteFideId "13304852"]
[BlackFideId "13306308"]
[EventDate "2014.06.16"]

1. d4 Nf6 2. g3 g6 3. Bg2 Bg7 4. e4 d6 5. Ne2 O-O 6. O-O Nc6 7. Nbc3 e5 8. d5
Ne7 9. h3 Ne8 10. Kh2 f5 11. f4 Nf6 12. fxe5 dxe5 13. exf5 gxf5 14. Be3 Ne8 15.
Na4 Bd7 16. Nc5 Nd6 17. Qc1 b6 18. Ne6 Bxe6 19. dxe6 Rb8 20. Bg5 Qe8 21. c4 h6
22. Bxh6 Qh5 23. Bxg7 Kxg7 24. Nc3 c6 25. Qe1 Ng6 26. Rd1 Nxc4 27. Rd7+ Kh8 28.
b3 Na3 29. Qc1 f4 30. g4 Qh4 31. Ne4 Nb5 32. Qxc6 Nd4 33. Qd6 Nb5 34. Qb4 f3 35.
e7 Rg8 36. Rxf3 Rbc8 37. Qxb5 Rc2 38. Rd2 Rxd2 39. e8=Q 1-0

[Event "7th Asrian Memorial 2014"]
[Site "Jermuk ARM"]
[Date "2014.06.20"]
[Round "5.13"]
[White "Manukyan, Artyom"]
[Black "Sibashvili, Giorgi"]
[Result "0-1"]
[WhiteElo "1973"]
[BlackElo "2274"]
[WhiteFideId "13305786"]
[BlackFideId "13602799"]
[EventDate "2014.06.16"]

1. e4 c5 2. Nc3 Nc6 3. f4 e6 4. Nf3 a6 5. a4 d5 6. e5 Nh6 7. g3 Nf5 8. Bg2 h5 9.
O-O c4 10. d4 cxd3 11. cxd3 Bc5+ 12. Kh1 h4 13. g4 Ne3 14. Bxe3 Bxe3 15. Ng1 g5
16. h3 gxf4 17. Nf3 Bd7 18. Rb1 Nd4 19. Nxd4 Bxd4 20. Qe2 Qg5 21. Rfe1 O-O 22.
a5 Rac8 23. Rbc1 Be3 24. Rcd1 Qxe5 25. d4 Qg7 26. Qf3 Qg5 27. Rf1 Rc7 28. Kh2
Rfc8 29. Kh1 Kg7 30. Rd3 Be8 31. Kh2 f6 32. Rdd1 Bg6 33. Kh1 Rc4 34. Qe2 R8c6
35. Rfe1 Rxd4 36. Rxd4 Bxd4 37. Nxd5 f3 38. Bxf3 exd5 39. Qe7+ Bf7 40. Qxb7 Rc1 0-1

[Event "7th Asrian Memorial 2014"]
[Site "Jermuk ARM"]
[Date "2014.06.20"]
[Round "5.14"]
[White "Bakunts, Rafael"]
[Black "Simonyan, Latush"]
[Result "1-0"]
[WhiteElo "2271"]
[BlackElo "1820"]
[WhiteFideId "13304097"]
[BlackFideId "13307444"]
[EventDate "2014.06.16"]

1. e4 c5 2. Nf3 Nc6 3. Bb5 g6 4. Bxc6 dxc6 5. d3 Bg7 6. h3 Nf6 7. Nc3 Nd7 8. Be3
e5 9. Qd2 h6 10. O-O Qe7 11. Nh2 Nf8 12. f4 exf4 13. Bxf4 Ne6 14. Bg3 Nd4 15.
Rae1 O-O 16. Bf4 Kh7 17. e5 Bf5 18. g4 Be6 19. Ne4 g5 20. Bg3 Rad8 21. Nf6+ Bxf6
22. Rxf6 Bd5 23. Qf2 b5 24. h4 Ne6 25. Nf1 c4 26. Ne3 Qc5 27. Kh2 cxd3 28. cxd3
Rd7 29. Rf1 Bxa2 30. b4 Qxb4 31. Qxa2 Rxd3 32. Rxf7+ Rxf7 33. Rxf7+ Ng7 34. Qxa7 1-0

[Event "7th Asrian Memorial 2014"]
[Site "Jermuk ARM"]
[Date "2014.06.20"]
[Round "5.15"]
[White "Mkrtchian, Lilit"]
[Black "Gharibyan, Mamikon"]
[Result "1-0"]
[WhiteTitle "IM"]
[WhiteElo "2456"]
[BlackElo "1924"]
[WhiteFideId "13300601"]
[BlackFideId "13308300"]
[EventDate "2014.06.16"]

1. c4 Nf6 2. Nf3 e6 3. g3 b6 4. Bg2 Bb7 5. O-O c5 6. Nc3 Be7 7. d4 cxd4 8. Qxd4
Nc6 9. Qf4 d6 10. Rd1 a6 11. b3 Qc7 12. Ba3 Rd8 13. Rac1 Qb8 14. Ng5 O-O 15. Bb2
Ne5 16. Bxb7 Qxb7 17. Nce4 Nxe4 18. Qxe4 Qxe4 19. Nxe4 f5 20. Nc3 g5 21. f3 Rb8
22. a4 Rfc8 23. Ba3 Rd8 24. Rc2 Rd7 25. Kg2 Rc8 26. Rcc1 Kf7 27. Na2 b5 28. cxb5
Rxc1 29. Rxc1 axb5 30. a5 Ra7 31. Bb4 d5 32. Bxe7 Kxe7 33. Nb4 Rxa5 34. f4 gxf4
35. gxf4 Ra3 36. fxe5 Rxb3 37. Nd3 b4 38. Rc7+ Kd8 39. Rxh7 Rb1 40. Rb7 b3 41.
Nc5 Re1 42. Kf2 Rh1 43. Nxe6+ Ke8 44. Rxb3 Rxh2+ 45. Ke1 Rh4 46. Rf3 1-0

[Event "7th Asrian Memorial 2014"]
[Site "Jermuk ARM"]
[Date "2014.06.21"]
[Round "6.1"]
[White "Gharagyozyan, Artur"]
[Black "Pashikian, Arman"]
[Result "0-1"]
[BlackTitle "GM"]
[WhiteElo "2194"]
[BlackElo "2630"]
[WhiteFideId "13303279"]
[BlackFideId "13301578"]
[EventDate "2014.06.16"]

1. e4 e5 2. Nf3 Nc6 3. Bb5 a6 4. Ba4 Nge7 5. Nc3 d6 6. a3 g6 7. d4 b5 8. Bb3 Bg7
9. dxe5 dxe5 10. Qxd8+ Nxd8 11. Nd5 Nxd5 12. Bxd5 c6 13. Bb3 Ne6 14. Ng5 Nd4 15.
Bxf7+ Ke7 16. Bb3 c5 17. Nf3 c4 18. Nxd4 exd4 19. Ba2 Be6 20. Bg5+ Kf7 21. f4 h6
22. Bh4 g5 23. fxg5 hxg5 24. Bxg5 Kg6 25. Bf4 a5 26. O-O-O b4 27. a4 Rac8 28. e5
Rhd8 29. Rhe1 b3 30. Bb1 d3 31. cxd3 cxd3+ 32. Kd2 Rc2+ 33. Ke3 Bf8 34. Bxc2
Bc5+ 35. Kf3 bxc2 36. Rd2 Bd5+ 37. Kg4 Be6+ 38. Kf3 Kh5 39. h3 Bd5+ 40. Kg3 Bb4
41. Kh2 Rf8 42. Rxd3 Bxe1 43. Rxd5 Rxf4 44. e6+ Kh4 45. Rc5 Bg3+ 46. Kg1 Re4 0-1

[Event "7th Asrian Memorial 2014"]
[Site "Jermuk ARM"]
[Date "2014.06.21"]
[Round "6.2"]
[White "Grigoryan, Karen H."]
[Black "Harutyunian, Tigran K."]
[Result "1-0"]
[WhiteTitle "GM"]
[BlackTitle "IM"]
[WhiteElo "2577"]
[BlackElo "2436"]
[WhiteFideId "13301004"]
[BlackFideId "13303635"]
[EventDate "2014.06.16"]

1. e4 e5 2. Nf3 Nc6 3. Bb5 Nf6 4. Qe2 a6 5. Ba4 Be7 6. O-O b5 7. Bb3 O-O 8. c3
d6 9. d3 Na5 10. Bc2 c5 11. Rd1 Nc6 12. h3 Qc7 13. d4 cxd4 14. cxd4 exd4 15.
Nxd4 Re8 16. Be3 Bb7 17. Nc3 Nb4 18. Bb3 Nxe4 19. Nf5 Nf6 20. Rd4 d5 21. Qd2 Bf8
22. Nxg7 Bxg7 23. Rxb4 Ne4 24. Nxe4 dxe4 25. Rc1 Qe7 26. Bc5 Rad8 27. Bxe7 Rxd2
28. Rc7 Bd5 29. Rd7 a5 30. Rxb5 e3 31. fxe3 Rxg2+ 32. Kf1 Bxb3 33. Kxg2 Ba4 34.
Rg5 Bxd7 35. Bf6 Re6 36. Rxg7+ Kf8 37. Bc3 h6 38. Rg3 a4 39. Bb4+ 1-0

[Event "7th Asrian Memorial 2014"]
[Site "Jermuk ARM"]
[Date "2014.06.21"]
[Round "6.3"]
[White "Hovhannisyan, Robert"]
[Black "Babujian, Levon"]
[Result "0-1"]
[WhiteTitle "GM"]
[BlackTitle "GM"]
[WhiteElo "2601"]
[BlackElo "2482"]
[WhiteFideId "13302507"]
[BlackFideId "13301993"]
[EventDate "2014.06.16"]

1. e4 e5 2. Nf3 Nc6 3. Bb5 a6 4. Ba4 Nf6 5. O-O Be7 6. d3 b5 7. Bb3 d6 8. a3 O-O
9. h3 Be6 10. Be3 Bxb3 11. cxb3 d5 12. Nbd2 a5 13. Rc1 Ra6 14. Bg5 dxe4 15. dxe4
Nd7 16. Be3 Qb8 17. Qc2 Bd6 18. Rfd1 Qb7 19. Qd3 Nd8 20. a4 bxa4 21. bxa4 Qa8
22. Qb5 Nf6 23. Bg5 Rb6 24. Qd3 Rxb2 25. Bxf6 gxf6 26. Nc4 Rb4 27. Nh4 Ne6 28.
Nf5 Kh8 29. Qf3 Ng5 30. Qh5 Nxe4 31. f3 Rg8 32. Nh6 Qa7+ 33. Kh2 Rxg2+ 34. Kh1
Rh2+ 0-1

[Event "7th Asrian Memorial 2014"]
[Site "Jermuk ARM"]
[Date "2014.06.21"]
[Round "6.4"]
[White "Martirosyan, Haik M."]
[Black "Ter-Sahakyan, Samvel"]
[Result "1/2-1/2"]
[WhiteTitle "FM"]
[BlackTitle "GM"]
[WhiteElo "2311"]
[BlackElo "2587"]
[WhiteFideId "13306553"]
[BlackFideId "13302531"]
[EventDate "2014.06.16"]

1. d4 d5 2. Nf3 Nf6 3. c4 e6 4. Nc3 c6 5. cxd5 exd5 6. Bg5 Be7 7. Qc2 Nbd7 8. e3
h6 9. Bf4 Nh5 10. Bg3 Nxg3 11. hxg3 Nf6 12. Bd3 Be6 13. Ne5 Bd6 14. f4 Qe7 15.
O-O-O O-O-O 16. Kb1 Kb8 17. Rhe1 Bb4 18. a3 Bxc3 19. Qxc3 Rhe8 20. Rc1 Ne4 21.
Bxe4 dxe4 22. g4 Qd6 23. f5 Bd5 24. Qc5 Qc7 25. Qc2 f6 26. Ng6 Bf7 27. Nf4 Rxd4
28. Ne6 Bxe6 29. exd4 Bd5 30. Re3 Rd8 31. Rce1 a6 32. g3 Rd7 33. Qc5 Qd8 34. a4
Qe7 35. Qxe7 Rxe7 36. a5 Kc7 37. Kc2 Kd6 38. Kd2 Re8 39. Rc3 Rb8 40. Ra3 Rh8 41.
Ke3 Re8 42. Rc1 Re7 43. Rc2 Re8 44. Rc1 Re7 45. Rc2 Re8 1/2-1/2

[Event "7th Asrian Memorial 2014"]
[Site "Jermuk ARM"]
[Date "2014.06.21"]
[Round "6.5"]
[White "Aghasaryan, Robert"]
[Black "Torosyan, Norayr"]
[Result "1-0"]
[WhiteTitle "GM"]
[WhiteElo "2502"]
[BlackElo "2322"]
[WhiteFideId "13302841"]
[BlackFideId "13300431"]
[EventDate "2014.06.16"]

1. e4 c5 2. Nf3 d6 3. Bb5+ Bd7 4. c4 Nf6 5. Nc3 g6 6. O-O Bg7 7. d4 cxd4 8.
Bxd7+ Nfxd7 9. Nxd4 Nc6 10. Nde2 O-O 11. b3 a6 12. a4 Qa5 13. Bd2 Rfc8 14. Rb1
Nf6 15. Nd5 Qd8 16. Be3 Nd7 17. f3 Rab8 18. Ndc3 Nb4 19. Qd2 Nc5 20. Kh1 Qe8 21.
Nf4 e6 22. Nce2 a5 23. Nc3 Rd8 24. Na2 Nxa2 25. Qxa2 Rbc8 26. Rfd1 Qc6 27. Qd2
b6 28. Ne2 Rd7 29. Bg5 Qa8 30. Nc3 Na6 31. Nb5 Nb4 32. Qf2 Qc6 33. Bf4 d5 34.
cxd5 exd5 35. e5 d4 36. Nd6 Rxd6 37. exd6 Qd5 38. Rbc1 Rd8 39. Rc4 h6 40. Qe2
Bf6 41. h3 b5 42. axb5 Qxb5 43. Rdc1 Nd5 44. Qd2 Nxf4 45. Qxf4 Bg5 46. Qxd4 Bxc1
47. Rxc1 Qb4 48. Qxb4 axb4 49. Rc6 Kg7 50. Kg1 Kf6 51. Kf2 Ke6 52. Ke3 Ra8 53.
Rc4 Kxd6 54. Rxb4 h5 55. Rd4+ Ke5 56. Rd2 Rb8 57. Rb2 Rb4 58. Kd3 Kd5 59. Kc3
Kc5 60. Ra2 Rb7 61. Ra5+ Kb6 62. Rd5 Kc6 63. Rd4 Re7 64. Kd3 Kc5 65. b4+ Kb5 66.
Re4 Ra7 67. Ke3 Ra6 68. Kf4 f6 69. h4 Rd6 70. Re8 Rd4+ 71. Kg3 Rd5 72. Rb8+ Ka4
73. Rb6 Rf5 74. Kf2 g5 75. g3 g4 76. f4 Rd5 77. Ke2 Kb3 78. Rxf6 Kxb4 79. Rc6
Ra5 80. Rc2 Kb3 81. Kd3 Kb4 82. Ke4 Ra3 83. Rf2 Kc5 84. f5 Kd6 85. f6 Ke6 86. f7
Ra4+ 87. Kd3 1-0

[Event "7th Asrian Memorial 2014"]
[Site "Jermuk ARM"]
[Date "2014.06.21"]
[Round "6.6"]
[White "Hayrapetyan, Hovik"]
[Black "Bakunts, Rafael"]
[Result "1-0"]
[WhiteTitle "GM"]
[WhiteElo "2420"]
[BlackElo "2271"]
[WhiteFideId "13302639"]
[BlackFideId "13304097"]
[EventDate "2014.06.16"]

1. d4 Nf6 2. Nf3 g6 3. c4 Bg7 4. Nc3 O-O 5. g3 c6 6. Bg2 d6 7. O-O Qa5 8. h3 Qa6
9. b3 b5 10. cxb5 cxb5 11. a4 bxa4 12. Rxa4 Qb6 13. Be3 d5 14. Ne5 Bb7 15. Qa1
e6 16. Qa3 Nc6 17. b4 Rfc8 18. b5 Bf8 19. Qa1 Nb8 20. Nd3 Nbd7 21. Ra2 a6 22.
Na4 Qd8 23. Nac5 Nxc5 24. Nxc5 Bxc5 25. dxc5 axb5 26. Rxa8 Rxa8 27. Qb2 Bc6 28.
Bg5 Kg7 29. f4 Ra6 30. Qe5 d4 31. Bxc6 Rxc6 32. Rd1 Qe7 33. Rxd4 b4 34. Rd6 Rc7
35. c6 1-0

[Event "7th Asrian Memorial 2014"]
[Site "Jermuk ARM"]
[Date "2014.06.21"]
[Round "6.7"]
[White "Kalashian, David"]
[Black "Mikaelyan, Arman"]
[Result "1/2-1/2"]
[WhiteTitle "IM"]
[WhiteElo "2395"]
[BlackElo "2281"]
[WhiteFideId "13302418"]
[BlackFideId "13304852"]
[EventDate "2014.06.16"]

1. d4 d5 2. Nf3 Nf6 3. c4 c6 4. Qc2 dxc4 5. Qxc4 Bf5 6. g3 e6 7. Bg2 Nbd7 8. O-O
Be7 9. Nc3 O-O 10. Re1 Ne4 11. Qb3 Qb6 12. Nh4 Bxh4 13. gxh4 Ndf6 14. Qxb6 axb6
15. Nxe4 Bxe4 16. f3 Bd5 17. a3 Bc4 18. e4 Nh5 19. b3 Bxb3 20. Rb1 Bc4 21. Rxb6
Ra7 22. Rb4 b5 23. Bf1 Bxf1 24. Kxf1 f5 25. e5 Rd8 26. Rb3 Ra6 27. Rd1 Kf7 28.
Rc3 Ke8 29. Ke2 Kd7 30. Rc2 Kc7 31. Rd3 Kb7 32. Bg5 Rda8 33. Bc1 g6 34. Rdc3 Ng7
35. f4 Rd8 36. a4 bxa4 37. Rc4 a3 38. Ra2 Rda8 39. Rb4+ Kc8 40. Rb3 Ne8 41.
Raxa3 Nc7 42. Rxa6 Rxa6 43. Ba3 Nd5 44. Kf3 Rb6 45. Rxb6 Nxb6 46. h5 Nd5 47. Kg3
Nc3 48. hxg6 hxg6 49. Bb4 Ne4+ 50. Kf3 Kb7 51. Ke3 Ka6 52. Be1 Kb5 53. Kd3 Ka4
54. Kc4 Ka3 55. Bg3 Ka4 56. Be1 Ka3 57. Bg3 Ka4 1/2-1/2

[Event "7th Asrian Memorial 2014"]
[Site "Jermuk ARM"]
[Date "2014.06.21"]
[Round "6.8"]
[White "Hambardzumian, Yuri"]
[Black "Petrosyan, Manuel"]
[Result "1/2-1/2"]
[WhiteTitle "IM"]
[BlackTitle "FM"]
[WhiteElo "2336"]
[BlackElo "2378"]
[WhiteFideId "13302795"]
[BlackFideId "13300857"]
[EventDate "2014.06.16"]

1. e4 c5 2. c3 g6 3. d4 cxd4 4. cxd4 d5 5. exd5 Nf6 6. Nc3 Bg7 7. Bb5+ Nbd7 8.
d6 exd6 9. Qe2+ Kf8 10. Nf3 h6 11. O-O Kg8 12. Bc4 Nb6 13. Bb3 Bd7 14. Re1 Bc6
15. Qd3 Nbd5 16. Nxd5 Nxd5 17. Qe4 Qa5 18. Bd2 Qb5 19. h4 Re8 20. Qg4 Kh7 21. h5
Nf6 22. Bxf7 Rxe1+ 23. Rxe1 Qxh5 24. Qxh5 gxh5 25. Nh4 Rd8 26. Bg6+ Kh8 27. Nf5
Be4 28. f3 Bxf5 29. Bxf5 Nd5 30. Re4 Rf8 31. Be6 Nc7 32. Bb3 Re8 33. Rxe8+ Nxe8
34. Be3 h4 35. Kf1 Bf6 36. Ke2 Bg5 37. f4 Bd8 38. Bf2 Kg7 39. Kf3 Nc7 40. Ke4
Bf6 41. Be3 b6 42. Bc4 Be7 43. Be2 Kf6 44. d5 Kg7 45. b4 Bf6 46. Bf2 Kg6 47. a4
Bd8 48. f5+ Kg7 49. Bh5 Na6 50. Be1 Nc7 51. Kd4 Bf6+ 52. Kc4 b5+ 53. axb5 Na8
54. b6 Nxb6+ 55. Kb5 Nxd5 56. Bf3 Ne3 1/2-1/2

[Event "7th Asrian Memorial 2014"]
[Site "Jermuk ARM"]
[Date "2014.06.21"]
[Round "6.9"]
[White "Sibashvili, Giorgi"]
[Black "Petrosian, Davit G."]
[Result "0-1"]
[BlackTitle "GM"]
[WhiteElo "2274"]
[BlackElo "2425"]
[WhiteFideId "13602799"]
[BlackFideId "13301349"]
[EventDate "2014.06.16"]

1. Nf3 Nf6 2. c4 g6 3. b4 Bg7 4. Bb2 O-O 5. g3 a5 6. a3 c6 7. bxa5 Qxa5 8. Bg2
Qc5 9. Qb3 d5 10. cxd5 Qxd5 11. Qxd5 Nxd5 12. Bxg7 Kxg7 13. d3 Na6 14. Nbd2 Rd8
15. O-O Nc3 16. Rfe1 Nc7 17. Kf1 N7b5 18. Rec1 Be6 19. Nc4 Ra6 20. Nfd2 Bxc4 21.
Nxc4 Rda8 22. Ke1 Na4 23. Rcb1 Nc5 24. Rb2 Nxa3 25. Rxa3 Rxa3 26. Nxa3 Rxa3 27.
d4 Rb3 28. Ra2 Nd7 29. Ra7 Nb6 30. Kd2 Nc8 31. Ra8 Nd6 32. Rb8 Rb2+ 33. Kd3 Ra2
34. h4 h5 35. Bf3 Ra3+ 36. Kc2 f5 37. Kd2 Kf7 38. Ke1 Ra2 39. Kf1 Ra5 40. Rd8
Ra4 41. e3 Ra1+ 42. Kg2 Ra2 43. Rb8 Rc2 44. Kg1 Ke6 45. Rg8 b5 46. Rxg6+ Kd7 47.
Rg8 b4 48. Rb8 Nb5 49. Rb7+ Kc8 50. Bxc6 Nd6 51. Rxb4 Rxc6 52. Rb2 Kd7 53. Kg2
Ke6 54. Ra2 Kf6 55. Rb2 Rc1 56. Re2 Rd1 57. Ra2 Ne4 58. Ra6+ e6 59. Ra2 Rd2 60.
Rxd2 Nxd2 61. f3 Nc4 62. Kf2 e5 63. dxe5+ Nxe5 64. Ke2 Ke6 65. Kf2 Kd5 66. Kg2
Kc4 67. g4 Nxg4 68. Kg3 Nxe3 69. Kf4 Kd3 70. Kg5 Ke2 0-1